| 000 | 01020mam a2200313 a 4500 | ||
|---|---|---|---|
| 999 |
_c125910 _d125910 |
||
| 001 | 1960190 | ||
| 003 | ARRUPE | ||
| 005 | 20170821142940.0 | ||
| 008 | 970110s1996 sx b b 000 0 eng | ||
| 010 | _a 96981879 | ||
| 020 | _a9991673504 | ||
| 035 | _a(OCoLC)ocm36201012 | ||
| 035 | _a(NNC)1960190 | ||
| 040 |
_aDLC _cDLC _dINU |
||
| 042 | _alcode | ||
| 043 | _af-sx--- | ||
| 050 | _aBX1682.N3 H973 | ||
| 092 |
_a282.88109 _bH937c |
||
| 100 | 1 |
_aHunke, Heinz. _928170 |
|
| 245 | 1 | 0 |
_aChurch and state : _bthe political context of 100 years of Catholic mission in Namibia / _cby Heinz Hunke. |
| 260 |
_aWindhoek : _bRoman Catholic Church, _c1996. |
||
| 300 |
_a123 p. : _bmap ; _c21 cm. |
||
| 500 | _aISBN and publication statement from label on t.p. verso. | ||
| 504 | _aIncludes bibliographical references (p. 106-123). | ||
| 610 | 2 | 0 |
_aCatholic Church _xMissions _zNamibia _xHistory. _928171 |
| 650 | 0 |
_aNamibia _xCatholic Church _xHistory. _928172 |
|
| 710 | 2 |
_aCatholic Church. _928173 |
|
| 942 |
_2lcc _cMONOGRAPH |
||